00366nam a2200157Ia 4500003000400000005001700004008004100021040000700062041001200069082001500081100002500096245002200121260003800143365001200181650001500193OSt20250723111842.0210423s1998 xx 000 0 und d cAL aEnglish a100 bPANI aBalakrishna S Pandit aIndian philosophy aNew DelhibS B D Publishersc1998 b60cINR aPhilosophy